أسس الثيرموديناميكا الكيميائية / (رقم التسجيلة. 137174)

تفاصيل مارك
000 -LEADER
fixed length control field 01193cam a2200289 a 4500
003 - CONTROL NUMBER IDENTIFIER
control field EG-GiCUC
008 - FIXED-LENGTH DATA ELEMENTS--GENERAL INFORMATION
fixed length control field 150105s2008 g 000 0 ara d
017 ## - COPYRIGHT OR LEGAL DEPOSIT NUMBER
Copyright or legal deposit number 1428/7486
Assigning agency مصر.دار الكتب
020 ## - INTERNATIONAL STANDARD BOOK NUMBER
International Standard Book Number 9789960064840
040 ## - CATALOGING SOURCE
Original cataloging agency EG-GiCUC
Language of cataloging ara
Transcribing agency EG-GiCUC
092 04 - LOCALLY ASSIGNED DEWEY CALL NUMBER (OCLC)
Classification number 572.436
Item number D2757
Edition number 21
099 ## - LOCAL FREE-TEXT CALL NUMBER (OCLC)
Classification number 04
-- 572.436 D2757
100 1# - MAIN ENTRY--PERSONAL NAME
Personal name ضيف الله: الحسينى بن محمد
245 10 - TITLE STATEMENT
Title أسس الثيرموديناميكا الكيميائية /
Statement of responsibility, etc. الحسينى بن محمد ضيف الله: سليمان بن ناصر باسهل: عبد الرحيم بن عبد الرحمن سمر قندى
250 ## - EDITION STATEMENT
Edition statement ط1
260 ## - PUBLICATION, DISTRIBUTION, ETC.
Place of publication, distribution, etc. جدة :
Name of publisher, distributor, etc. مركز النشر العلمى :
Date of publication, distribution, etc. 2008
300 ## - PHYSICAL DESCRIPTION
Extent 583ص ؛
Dimensions سم24
650 #7 - SUBJECT ADDED ENTRY--TOPICAL TERM
Topical term or geographic name entry element الكيمياء الحرارية
Source of heading or term qrmak
650 #7 - SUBJECT ADDED ENTRY--TOPICAL TERM
Topical term or geographic name entry element الهندسة الميكانيكية
Source of heading or term qrmak
700 1# - ADDED ENTRY--PERSONAL NAME
Personal name باسهل: سليمان بن ناصر
700 1# - ADDED ENTRY--PERSONAL NAME
Personal name سمر قندى: عبد الرحيم بن عبد الرحمن
902 ## - LOCAL DATA ELEMENT B, LDB (RLIN)
No. of Items 1
905 ## - LOCAL DATA ELEMENT E, LDE (RLIN)
Cataloger رحاب
Reviser مدخل
905 ## - LOCAL DATA ELEMENT E, LDE (RLIN)
Reviser مراجع
942 ## - ADDED ENTRY ELEMENTS (KOHA)
Source of classification or shelving scheme Dewey Decimal Classification
Koha item type Books
المقتنيات
Source of classification or shelving scheme Not for loan Home library Current library Date acquired Full call number Barcode Date last seen Copy number Koha item type
Dewey Decimal Classification   المكتبة المركزبة الجديدة - جامعة القاهرة قاعة الكتب - الدور الثاني 11.02.2024 572.436 D2757 01000100143822000 23.09.2023 C.1 Books
Cairo University Libraries Portal Implemented & Customized by: Eng. M. Mohamady Contacts: new-lib@cl.cu.edu.eg | cnul@cl.cu.edu.eg
CUCL logo CNUL logo
© All rights reserved — Cairo University Libraries
CUCL logo
Implemented & Customized by: Eng. M. Mohamady Contact: new-lib@cl.cu.edu.eg © All rights reserved — New Central Library
CNUL logo
Implemented & Customized by: Eng. M. Mohamady Contact: cnul@cl.cu.edu.eg © All rights reserved — Cairo National University Library